Estrategias sociales: de la sobrevivencia a la contingencia /
Este artículo emprende una discusión en torno al concepto de "estrategias sociales", apuntando las inconsistencias teóricas y metodológicas de éste, así como la forma en que puede ser abordado desde las críticas sociológicas a los supuestos clásicos weberianos de la acción social. Se obser...
Guardat en:
| Autor principal: | |
|---|---|
| Altres autors: | |
| Format: | Text |
| Matèries: | |
| Etiquetes: |
Afegir etiqueta
Sense etiquetes, Sigues el primer a etiquetar aquest registre!
|
MARC
| LEADER | 00000 a a2200000 04500 | ||
|---|---|---|---|
| 001 | 11635 | ||
| 003 | |||
| 040 | |||
| 100 | |a Moguel Viveros, Reyna | ||
| 245 | |a Estrategias sociales: |b de la sobrevivencia a la contingencia / |c Reyna Moguel Viveros ; Sandra Urania Moreno Andrade | ||
| 500 | |a Resumen también en inglés | ||
| 520 | |a Este artículo emprende una discusión en torno al concepto de "estrategias sociales", apuntando las inconsistencias teóricas y metodológicas de éste, así como la forma en que puede ser abordado desde las críticas sociológicas a los supuestos clásicos weberianos de la acción social. Se observa que el concepto ha tenido cambios que lo llevan a apuntalar una perspectiva moderna neoliberal de la sociedad donde los individuos pobres pueden organizarse frente a las restricciones que les impone las estructura social, particularmente sólo como sociedad civil anónima (unidad doméstica) a través de diseñar un cúmulo de estrategias sociales que les permite 'sobrevivir' o 'reproducirse'. Esta perspectiva puede ser revertida con la noción de 'contingencias provocadas dentro de los ámbitos globalizados del Estado, del mercado y del deterioro ambiental | ||
| 650 | |a ESTRATEGIAS DE SOBREVIVENCIA | ||
| 650 | |a TEORIA SOCIAL | ||
| 650 | |a ANALISIS SOCIOLOGICO | ||
| 650 | |a ANALISIS DEMOGRAFICO | ||
| 700 | |a Moreno Andrade, Sandra Urania | ||
| 773 | |g volumen 11, número 46; páginas 139-159 | ||
| 999 | |c 30405 |d 30405 | ||
